Theory of modeling and simulation : integrating discrete event and continuous complex dynamic systems (Record no. 5020)

000 -LEADER
fixed length control field 00610 a2200169 4500
020 ## - INTERNATIONAL STANDARD BOOK NUMBER
International Standard Book Number 8178670437
040 ## - CATALOGING SOURCE
Original cataloging agency DLC
Language of cataloging DLC
082 ## - DEWEY DECIMAL CLASSIFICATION NUMBER
Classification number 003.3
100 ## - MAIN ENTRY--PERSONAL NAME
Personal name Zeigler, Bernard P.
245 ## - TITLE STATEMENT
Title Theory of modeling and simulation : integrating discrete event and continuous complex dynamic systems
Statement of responsibility, etc. Bernard P Zeigler, .
260 ## - PUBLICATION, DISTRIBUTION, ETC.
Place of publication, distribution, etc. New Delhi:
Name of publisher, distributor, etc. Harcourt India Pvt. Ltd.,
Date of publication, distribution, etc. 2000.
300 ## - PHYSICAL DESCRIPTION
Extent xxi, 510 p. :
Other physical details ill. ;
Dimensions 26 cm.
500 ## - GENERAL NOTE
General note Includes bibliographical references and index
650 ## - SUBJECT ADDED ENTRY--TOPICAL TERM
Topical term or geographic name entry element Computer simulation.2.System theory.
700 ## - ADDED ENTRY--PERSONAL NAME
Personal name Praehofer, Herbert.2.Kim, Tag Gon.
942 ## - ADDED ENTRY ELEMENTS (KOHA)
Koha item type Book
Call number prefix 003.3 ZEI
Source of classification or shelving scheme
Holdings
Withdrawn status Lost status Damaged status Not for loan Collection code Permanent Location Current Location Shelving location Date acquired Source of acquisition Cost, normal purchase price Total Checkouts Full call number Barcode Date last seen Price effective from Koha item type
          Central Library (CL) Central Library (CL) First Floor - Computer Science 06/23/2003 Vanguard 451.35   003.3 ZEI SEECS003575 11/14/2012 01/05/2017 Book
© 2023 Central Library, National University of Sciences and Technology. All Rights Reserved.